LDR 00884naa#a2200193#i#450# 001 RU\\bibl\122860 005 20260512115351.2 011 ## _a2073-4018 100 ## _a20260508b2026####ek#y0rusy0150####ca 101 0# _aRUS 102 ## _aRU 200 1# _aМосковская область – лидер по объемам производства сыра в России _eЖурнальная статья 210 1# _aКемерово _cКемеровский государственный университет _d2026 215 ## _a9 с. 608 ## _aЖурнальная статья _2local 675 ## _aСельское хозяйство. Лесное хозяйство. Охота. Рыбное хозяйство. 63 _zRUS 700 #1 _aСурай _gНаталья Михайловна 700 #1 _aПанасенко _gСветлана Викторовна 856 4# _avestnik-pses.kemsu.ru _u